Viagens na Minha Terra (Registo nº 854)
[ vista simples ]
| 000 -Etiqueta do registo | |
|---|---|
| Cabeçalho | 00697nam a2200265 i 4500 |
| 005 - Identificador da versão | |
| Campo de controlo | 20240813121817.0 |
| 010 ## - Número internacional normalizado dos livros (ISBN) | |
| Número (ISBN) | 9789895523016 |
| 021 ## - Número do Depósito Legal | |
| Código do país | PT |
| Número | 270015/08 |
| 035 ## - Other System Control Numbers | |
| System Control Number | 0000921 |
| System Control Number | 0000914 |
| System Control Number | 0000901 |
| 100 ## - Dados gerais de processamento | |
| Dados gerais de processamento | 20081020 2008 d y0pory5003 ba |
| 102 ## - Pais de publicação ou produção | |
| País de publicação | Portugal |
| 101 0# - Língua de publicação | |
| Língua do texto, banda sonora, etc. | Português |
| 215 ## - Descrição física | |
| Indicação específica da natureza do documento e extensão da espécie | 18 p. |
| Outras indicações físicas | il. |
| 200 1# - Titulo e menção de responsabilidade | |
| Título próprio | Viagens na Minha Terra |
| Primeira menção de responsabilidade | Rui Zink |
| Outras menções de responsabilidade | Gabriela Sotto Mayor |
| 225 2# - Colecção | |
| Título próprio da colecção | Clássicos da Literatura Portuguesa contados às crianças |
| Indicação de volume | 9 |
| 205 ## - Menção da edição | |
| Menção da edição | 1ª edição |
| 210 ## - Publicação, Distribuição, etc. | |
| Lugar da edição, distribuição, etc. | Vila Nova de Famalicão |
| Nome do editor, distribuidor, etc. | Quasi |
| Data da publicação, distribuição, etc. | 2008 |
| 700 #1 - Nome de autor-pessoa física (responsabilidade principal) | |
| Número de registo de entrada de autoridade | 0001103 |
| Palavra de ordem | Zink |
| Outra parte do nome não tomada para palavra de ordem | Rui |
| 966 ## - Identificação da Biblioteca | |
| Sigla | NUMETECA |
| 942 ## - Elementos de entrada adicionados (Koha) | |
| Tipo de item no Koha | Livro |
| Situação do levantamento | Origin of item (home branch) (coded) | Biblioteca de empréstimo | Código de barras | Cota | Circulation type (not for loan) | Tipo de documento | Nota do exemplar | Damaged status |
|---|---|---|---|---|---|---|---|---|
| Biblioteca Escolar Eng. Nuno Mergulhão | Biblioteca Escolar Eng. Nuno Mergulhão | BENM1551 | 8POR ZIN | Livro | Sem mensagem |
